KOHA-Header-6

Threat Hunting in the Cloud: Defending AWS, Azure and Other Cloud Platforms Against Cyberattacks (Record no. 14036)

000 -LEADER
fixed length control field 00373nam a22001217a 4500
020 ## - INTERNATIONAL STANDARD BOOK NUMBER
ISBN 9781119804116
082 ## - DEWEY DECIMAL CLASSIFICATION NUMBER
Classification number 005.8
100 ## - MAIN ENTRY--AUTHOR NAME
Personal name Chris Peiris, Binil Pillai, and Abbas Kudrati
245 ## - TITLE STATEMENT
Title Threat Hunting in the Cloud: Defending AWS, Azure and Other Cloud Platforms Against Cyberattacks
260 ## - PUBLICATION, DISTRIBUTION, ETC. (IMPRINT)
Name of publisher John Wiley & Sons, Inc.
Year of publication 2021
300 ## - PHYSICAL DESCRIPTION
Number of Pages 544 pages
942 ## - ADDED ENTRY ELEMENTS (KOHA)
Koha item type Books
Holdings
Withdrawn status Lost status Collection code Permanent Location Current Location Shelving location Date acquired Full call number Accession Number Koha item type
    Computer Science MAJU MAJU Shelf No.A33 2025-07-31 005.8 11111 Books

Powered by Koha